Statistics for Kuwait Country Quiz

Click here to take the quiz!

General Stats

  • This quiz has been taken 8,234 times
    (8,113 since last reset)
  • The average score is 14 of 17

Answer Stats

HintAnswer% Correct
Main export of KuwaitOil
98%
Bordering countriesSaudi Arabia
98%
Official languageArabic
98%
Bordering countriesIraq
98%
State religionIslam
97%
Capital cityKuwait City
97%
Women gained the right to do
this in 2005
Vote
94%
Country from which Kuwait gained
its independence in 1960
United Kingdom
94%
Gulf Kuwait bordersPersian Gulf
91%
Dictator responsible for the 1990
invasion of Kuwait
Saddam Hussein
89%
At least 960,000 nationals from
this country live in Kuwait
India
85%
Currency of KuwaitKuwaiti Dinar
70%
Kuwait was the first country to use
robot jockeys in this sport
{Camel} Racing
67%
Beloved national birdFalcon
65%
Title of the Kuwaiti monarchEmir
62%
"W" word that refers to a landform
of a dry riverbed
Wadi
39%
Among countries > 1 million people,
Kuwait has the highest rate of
______, 37.9%
Obesity
37%

Score Distribution

Percentile by Number Answered

Percent of People with Each Score

Your Score History

You have not taken this quiz since the last reset